00504nam a2200169 i 4500001000300000100001300003245005300016260002000069700001700089040000800106041000800114942000700122008004100129999001700170856009800187952004900285bg1 aKOCH, J. 0aTurbo C++ :bkompendium /cJ. Koch, M. Schusser. aMunchen,c1991.1 aSCHUSSER, M. cBPK apol cKS s pl f |000 0 pol  c29536d29536 uhttp://koha.tu.koszalin.pl/cgi-bin/koha/opac-detail.pl?biblionumber=29536yKatalog online BPK 00104070aBPKbBPKcwo35744p09100671yKS